00395nam a2200121Ia 4500008004100000245013200041260001700173260000900190300000900199650002300208650001200231856003000243170516s9999 xx 000 0 und d aCancer Theranostic Nanoparticles Self-Assembled from Amphiphilic Small Molecules with Equilibrium Shift-Induced Renal Clearance bTheranostics c2016 a6:10 xMedical Technology xMedtech uhttp://www.thno.org/v6i10